000 00768nab a2200229 u 4500
001 16367
003 HDC
007 cr bn ---aaaaa
008 210220c20100802io dr|noo 0 a eng d
040 _aHDC
245 0 _aIndonesia: International Meeting on Halal Standards
260 _a[No place] :
_b[publisher not identified],
_c2010
336 _atext
_2rdacontent
337 _acomputer
_2rdamedia
338 _aonline resource
_2rdacarrier
650 _aDeclaration
_916215
650 _aHalal Standards
_zIndonesia
_916214
856 _zRequest full-text at [email protected]
942 _2lcc
942 _cNEWS
942 _kNWSO 005687
999 _c13683
_d13683